| 000 | 00443cam a22001097a 4500 | ||
|---|---|---|---|
| 008 | 180718b-- xxu||||| |||| 00| 0 eng d | ||
| 082 | _aL002x54 In2 | ||
| 245 | _aCompilation of the delegation of financial power rules by Department of Expenditure, Ministry of Finance | ||
| 260 |
_aNew Delhi _bDepartment of Expenditure, Ministry of Finance _c-- |
||
| 500 | _aLibrary has 1969, 1980 | ||
| 700 | _aIndia. Ministry of Finance. Department of Expenditure | ||
| 999 |
_c485128 _d485128 |
||